Score 0/35 Timer 04:00
0 Plays Today
Hint 4-Letter Word % Correct
Sugar plantCANE
89.8%
♫'With a [Rung 14] she can get what she ____ for.'♫♫CAME♫
89.1%
Magical stickWAND
87.9%
Weak, referring to an excuseLAME
83.6%
Look at booksREAD
83.5%
♫'There's a [Rung 1] who's sure all that glitters is ____.'♫♫GOLD♫
81.5%
Corner Chess pieceROOK
81.4%
♫'There's still time to change the ____ you're on.'♫♫ROAD♫
81%
♫'To be a ____ and not a roll.'♫♫ROCK♫
80.9%
♫'There's a ____ who's sure all that glitters is [Rung 35].'♫♫LADY♫
77.3%
♫'Your stairway lies on the whispering ____.'♫♫WIND♫
77.1%
Mark from a whipWELT
76%
Hole with waterWELL
75.9%
♫'There's a sign on the ____ but she wants to be sure.'♫♫WALL♫
74.7%
One and onlyLONE
73.1%
♫'And a new day will dawn for those who stand ____.'♫♫LONG♫
72.4%
Fleming spyBOND
71.7%
Sound from a bellBONG
71.4%
Hint 4-Letter Word % Correct
Put on cargoLADE
71%
CrucifixROOD
70.2%
♫'There's a feeling I get when I look to the ____.'♫♫WEST♫
69%
♫'Your ____ is humming and it won't go.'♫♫HEAD♫
65.4%
German for 'forest'WALD
64.9%
From the jungleWILD
62%
Typeface buttonBOLD
61.6%
NBA Team, type of waveHEAT
59.9%
Beer typeBOCK
57.6%
Dutch anatomist LouisBOLK
49.8%
Archaic word for a commandHEST
48.5%
Crescent shapeLUNE
46.1%
♫'And it's whispered that soon, if we all call the ____.'♫♫TUNE♫
45.4%
Polynesian God of fertilityTANE
41%
♫'With a ____ she can get what she [Rung 4] for.'♫♫WORD♫
40.2%
Mining term relating to parallel coalBORD
31.1%
Open countryWOLD
31.1%

Today's Daily Dose

Quick Pick
Colorful Movies

Get the Picture
Dog Breeds II

Remove Ads.
Support Sporcle.
Get the best of Sporcle when you Go Orange. This ad-free experience offers more features, more stats, and more fun while also helping to support Sporcle. Thank you for becoming a member.

You're not logged in!

Compare scores with friends on all Sporcle quizzes.
OR
Log In

Show Comments

Extras

Top Quizzes Today


Score Distribution

Your Account Isn't Verified!

In order to create a playlist on Sporcle, you need to verify the email address you used during registration. Go to your Sporcle Settings to finish the process.

Report this User

Report this user for behavior that violates our Community Guidelines.

Details: